000
00345pam a2200157a 44500
008
230515b2007 xxu||||| |||| 00| 0 eng d
020
_a
NULL
041
_a
ENGLISH
082
_a
NULL
100
_a
BONO E.DE
245
_a
SIX THINKING HATS
250
_a
1999
260
_a
NEW DELHI
_b
PENGUIN BOOKS
_c
2007
300
_a
177
650
_a
NULL
999
_c
477421
_d
477421